000 00284nam a22001337a 4500
003 SGT
082 _a617.3
_bC76D
100 _aDuvoisin, Roger
245 _aClinical Symposia
_bParkinsonism
260 _bC.I.B.A.
_c1976
300 _a29
653 _aParkinsonism
942 _2ddc
_cRARE
999 _c33140
_d33140